000 00928nam a2200217Ii 4500
003 JO-AjNU
008 230605s9999||||xx |||||||||||||| ||und||
017 _a2010/16972
020 _a977-17-9458-2
040 _aJO-AjNU
_bara
_erda
_cJO-AjNU
041 _aara
050 1 4 _aHF5415.2010
100 3 _aمصطفى،احمد سيد,
_eauthor
_934180
245 0 0 _aالتسويق :دليل عملي للمسوق العصري:التخطيط الاستراتيجي التسويقي،مراحل تصميم استراتيجية التسويق،المنتجات الجديدة التصميم والتطوير،مهارات العلاقات العامة،عناصر عملية الاعلان،.........
264 3 1 _aالقاهرة:المؤلف،2010
300 _a450ص
336 _atext
_btxt
_2rdacontent
337 _aunmediated
_bn
_2rdamedia
338 _avolume
_bnc
_2rdacarrier
650 4 _aالتسويق-ادلة
_934181
999 _aA13985
_c17553
_d17553